000 00825nam a22002057a 4500
999 _c12341
_d12341
003 AR-CdUCM
008 190408b ||||| |||| 00| 0 spa d
040 _aMUNICIPALIDAD PROVINCIAL DEL CUSCO
_cBIBLIOTECA MUNICIPAL DEL CUSCO
082 _aC / 210 /
_bC32 / 1948
100 _aCasanova, Juan A.
_930154
245 _aEpiscopologio Cusqueño /
260 _aCusco :
_bRozas,
_c1948.
300 _a28 páginas ;
_c20 cm.
_bCuadro sinóptico
505 _aContenido: Documentos que hay que utilizar y que en efecto se han utilizado en el episcopologio del Cuzco y orden en el que deben ser preferidos -- Nombre que deben excluirse del episcopologio del Cusco y nombre que deben incluirse.
650 _aTeología
_93537
650 _aCusco
_9772
650 _aDios
_91427
942 _2ddc
_cLIBROS
945 _aachl
_d2019-04-08